Schauspieler in Game of Thrones - Statistiken

Allgemein
  • Dieses Quiz wurde 297 mal gespielt
  • Das Durchschnittsergebnis liegt bei 18 aus 98
Antwortstatistiken
Hint Antwort % Korrekt
Eddard 'Ned' Stark Sean Bean
78%
Jon Schnee (Aegon Targaryen) Kit Harington
77%
Arya Stark Maisie Williams
75%
Sansa Stark Sophie Turner
75%
Daenerys Targaryen Emilia Clarke
74%
Tyrion Lannister Peter Dinklage
71%
Cersei Lannister Lena Headey
59%
Khal Drogo Jason Momoa
55%
Jaime Lannister Nikolaj Coster-Waldau
54%
Oberyn Martell Pedro Pascal
52%
Margaery Tyrell Natalie Dormer
48%
Robb Stark Richard Madden
47%
Tywin Lannister Charles Dance
46%
Theon Graufreud Alfie Allen
41%
Ygritte Rose Leslie
41%
Shae Sibel Kekilli
40%
Melisandre Carice van Houten
38%
Brienne von Tarth Gwendoline Christie
36%
ein singender Soldat der Lannister-Armee Ed Sheeran
35%
Missandei Nathalie Emmanuel
35%
Joffrey Baratheon Jack Gleeson
29%
Robert Baratheon Mark Addy
29%
Beric Dondarrion Richard Dormer
29%
Catelyn 'Cat' Stark Michelle Fairley
28%
Talisa Stark, geb. Maegyr - Robbs Frau Oona Chaplin
28%
Brandon 'Bran' Stark aka Der Dreiäugige Rabe Isaac Hempstead-Wright
26%
Der Hohe Spatz Jonathan Pryce
25%
Petyr 'Kleinfinger' Baelish Aiden Gillen
22%
Samwell 'Sam' Tarly John Bradley
22%
Der Dreiäugige Rabe (bevor Bran es wurde) Max von Sydow
22%
Walder Frey David Bradley
21%
Bronn Jerome Flynn
19%
Davos Seewert Liam Cunningham
19%
Osha - Beschützerin von Bran und Rickon Natalia Tena
19%
Großmaester Pycelle Julian Glover
18%
Jorah Mormont Iain Glen
17%
Rickon Stark Art Parkinson
16%
Gregor Clegane aka Der Berg Hafthor Julius Björnsson
16%
Jaqen H'ghar Tom Wlaschiha
16%
Sandor Clegane aka Der Bluthund Rory McCann
15%
Lyanna Mormont Bella Ramsey
14%
Myranda Charlotte Hope
14%
Grauer Wurm Jacob Anderson
13%
Jojen Reet Thomas Brodie-Sangster
13%
Varys Conleth Hill
11%
Olenna Tyrell Diana Rigg
11%
Daario Naharis (ab Staffel 4) Michiel Huisman
11%
Ramsay Schnee (später Ramsay Bolton) Iwan Rheon
11%
Daario Naharis (in Staffel 3) Ed Skrein
10%
Ellaria Sand - Geliebte von Oberyn Indira Varma
10%
Brynden 'Schwarzfisch' Tully Clive Russell
9%
Tommen Baratheon (als König) Dean-Charles Chapman
9%
Tormund 'Riesentod' Kristofer Hivju
9%
Manke Rayder Ciarán Hinds
8%
Euron Greufreud - Balons Bruder Pilou Asbaek
8%
Viserys Targaryen Harry Lloyd
7%
Myrcella Baratheon (als Frau) Nell Tiger Free
7%
Luwin - Maester auf Winterfell Donald Sumpter
6%
Loras Tyrell Finn Jones
6%
Jeor Mormont - Lord Kommandant der Nachtwache James Cosmo
6%
Gendry Baratheon Joe Dempsie
6%
Hizdahr zo Loraq Joel Fry
6%
Obara Sand - Tochter von Oberyn und Ellaria Keisha Castle-Hughes
6%
Stannis Baratheon Stephen Dillane
6%
Goldy Hannah Murray
5%
Lysa Arryn - Catelyns Schwester Kate Dickie
5%
Qyburn Anton Lesser
4%
Pirat in der Euron Graufreuds Flotte Conor McGregor
4%
Lancel Lannister Eugene Simon
4%
Asha Graufreud Gemma Whelan
4%
Erzmaester Ebrose Jim Broadbent
4%
Hodor - Beschützer von Bran und Rickon Kristian Nairn
4%
Orell - ein Warg Mackenzie Crook
4%
Xaro Xhoan Daxos Nonso Anozie
4%
Selyse Baratheon Tara Fitzgerald
4%
Doran Martell Alexander Siddig
3%
Renly Baratheon Gethin Anthony
3%
Roose Bolton Michael McElhatton
3%
Aemon Targaryen - Großmaester der Nachtwache Peter Vaughan
3%
Edmure Tully Tobias Menzies
3%
Podrick Payn Daniel Portman
2%
Meera Reet Ellie Kendrick
2%
Randyll Tarly James Faulkner
2%
Nymeria Sand - Tochter von Oberyn und Ellaria (Peitsche) Jessica Henwick
2%
Shireen Baratheon Kerry Ingram
2%
Robin Arryn - Lysas Sohn Lino Facioli
2%
Allisar Thorn Owen Teale
2%
Der Nachtkönig (ab Staffel 6) Vladimir Furdik
2%
Edd Tollett Ben Crompton
1%
Heiße Pastete Ben Hawkey
1%
Meryn Trant Ian Beattie
1%
Barristan Selmy Ian McElhinney
1%
Benjen Stark - Neds Bruder Joseph Mawle
1%
Salladhor Saan - Pirat Lucian Msamati
1%
Balon Graufreud Patrick Malahide
1%
Thoros von Myr Paul Kaye
1%
Craster Robert Pugh
1%
Tyene Sand - Tochter von Oberyn und Ellaria Rosebell Laurenti Sellers
1%
Keine übereinstimmenden Quizze gefunden
Verteilung der Resultate
Anzahl Personen mit jedem Resultat
Perzentil nach korrekt beantworteten Fragen
Ihre Resultats-Entwicklung
Sie haben dieses Quiz noch nicht gespielt